banner koha

Silagem de híbridos de sorgo associado a percentagens de concentrado no desempenho de novilhos (Registro n. 226100)

MARC details
000 -LÍDER
campo de controle de tamanho fixo 01051nas a2200349 4500
001 - NÚMERO DE CONTROLE
campo de controle BR2013001393
003 - IDENTIFICADOR DO NÚMERO DE CONTROLE
campo de controle BR-BrBNA
005 - DATA E HORÁRIO DA ÚLTIMA TRANSAÇÃO
campo de controle 20231205121941.0
007 - CAMPO FIXO DE DESCRIÇÃO FÍSICA--INFORMAÇÃO GERAL
campo de controle de tamanho fixo ta
008 - CAMPO DE DADOS FIXOS--INFORMAÇÃO GERAL
campo de controle de tamanho fixo 230509b bl.|||p| |||| 00| 00por d
040 ## - FONTE DA CATALOGAÇÃO
Instituição da catalogação original BR-BrBNA
Idioma da catalogação por
Instituição que transcreveu o registro Biblioteca Nacional de Agricultura
041 ## - CÓDIGO DE IDIOMA
Código do idioma do texto/trilha sonora ou título diferente (Pt)
072 ## - CÓDIGO DE CATEGORIA DE ASSUNTO
Código de Categoria de Assunto L02; L01
100 1# - ENTRADA PRINCIPAL--NOME PESSOAL
Nome pessoal Restle, J.
100 1# - ENTRADA PRINCIPAL--NOME PESSOAL
Nome pessoal Missio, R.L.
100 1# - ENTRADA PRINCIPAL--NOME PESSOAL
Nome pessoal Resende, P.L.P.
100 1# - ENTRADA PRINCIPAL--NOME PESSOAL
Nome pessoal Silva, N.L.Q.
100 1# - ENTRADA PRINCIPAL--NOME PESSOAL
Nome pessoal Vaz, F.N.
100 1# - ENTRADA PRINCIPAL--NOME PESSOAL
Nome pessoal Brondani, I.L.
100 1# - ENTRADA PRINCIPAL--NOME PESSOAL
Nome pessoal Alves Filho, D.C.
100 1# - ENTRADA PRINCIPAL--NOME PESSOAL
Nome pessoal Kuss, F.
245 1# - TÍTULO
Título Silagem de híbridos de sorgo associado a percentagens de concentrado no desempenho de novilhos
650 ## - ASSUNTO--TERMO TÓPICO
Cabeçalho tópico ou nome geográfico GADO DE CORTE
650 ## - ASSUNTO--TERMO TÓPICO
Cabeçalho tópico ou nome geográfico CONFINAMENTO
650 ## - ASSUNTO--TERMO TÓPICO
Cabeçalho tópico ou nome geográfico GANHO DE PESO
650 ## - ASSUNTO--TERMO TÓPICO
Cabeçalho tópico ou nome geográfico SORGO FORRAGEIRO
650 ## - ASSUNTO--TERMO TÓPICO
Cabeçalho tópico ou nome geográfico SILAGEM
650 ## - ASSUNTO--TERMO TÓPICO
Cabeçalho tópico ou nome geográfico RENDIMENTO
773 0# - ENTRADA ANALÍTICA
Título Arquivo Brasileiro de Medicina Veterinária e Zootecnia (Brazil)
ISSN - International Standard Serial Number ISSN 0102-0935
Partes relacionadas (Oct 2012), v. 64(5) p. 1239-1245
Número de controle do registro BR2013001393
909 ## -
-- 202311
-- Lúcia
-- 55
-- Lúcia Elande
942 ## - ELEMENTOS DE ENTRADA ADICIONADOS (KOHA)
Fonte da classificação ou esquema de arquivamento na estante Classificação AGRIS
Ocultar no OPAC Não
Tipo de material Koha Analítica
Exemplares
Situação do descarte Fonte da classificação ou esquema de arquivamento na estante Situação física Não pode ser emprestado Biblioteca de origem Biblioteca atual Localização na estante Enumeração do periódico / cronologia Total de empréstimos Data de último acesso Número do exemplar Tipo de material Koha Fonte de aquisição
  Classificação AGRIS   Consulta local Biblioteca Nacional de Agricultura - Binagri Biblioteca Nacional de Agricultura - Binagri   (Oct 2012), v. 64(5) p. 1239-1245   29/11/2023 01 Periódicos Portaria Interministerial nº 164/94

BINAGRI

Telefone: (61)3218-2567/2388/3357/2097 - binagri@agro.gov.br

Ministério da Agricultura e Pecuária , Esplanada dos Ministérios, Bloco D, Anexo B, Brasília/DF, CEP: 70.043-900